000171278 001__ 171278
000171278 005__ 20260515163946.0
000171278 0247_ $$2doi$$a10.5565/rev/rubrica.533
000171278 0248_ $$2sideral$$a149313
000171278 037__ $$aART-2026-149313
000171278 041__ $$aspa
000171278 100__ $$aEsteban Zuriaga, María José
000171278 245__ $$aRedes femeninas y movimiento ecuménico : del Women’s Ecumenical Liaison Group al Forum Ecuménico de Mujeres Cristianas de Europa (1965-1986)
000171278 260__ $$c2026
000171278 5060_ $$aAccess copy available to the general public$$fUnrestricted
000171278 5203_ $$aEl desarrollo del ecumenismo cristiano a lo largo del siglo XX generó nuevas oportunidades de diálogo interconfesional y cooperación entre iglesias. En este contexto, las mujeres cristianas comenzaron a reivindicar espacios propios de participación dentro de un movimiento inicialmente dominado por estructuras masculinas. La creación en 1968 del Women’s Ecumenical Liaison Group (WELG) representó un hito al proporcionar un foro desde el que mujeres de distintas confesiones pudieron articular preocupaciones comunes, impulsar iniciativas de formación y reflexión y reclamar una mayor presencia femenina en la vida eclesial y social. Sin embargo, las tensiones entre la autonomía de este grupo y las dinámicas institucionales del ecumenismo oficial condujeron a su disolución en 1972. A pesar de ello, las redes transnacionales creadas en torno al WELG mantuvieron vivo el impulso ecuménico femenino y contribuirían al surgimiento de nuevas plataformas europeas de colaboración.
000171278 536__ $$9info:eu-repo/grantAgreement/ES/MICIU/PID2023-147203NA-I00
000171278 540__ $$9info:eu-repo/semantics/openAccess$$aby$$uhttps://creativecommons.org/licenses/by/4.0/deed.es
000171278 655_4 $$ainfo:eu-repo/semantics/article$$vinfo:eu-repo/semantics/publishedVersion
000171278 700__ $$aPérez del Puerto, Ángela
000171278 773__ $$g15, 32 (2026), 49-68$$pRúbrica contemp.$$tRúbrica Contemporánea$$x2014-5748
000171278 8564_ $$s315875$$uhttps://zaguan.unizar.es/record/171278/files/texto_completo.pdf$$yVersión publicada
000171278 8564_ $$s1498901$$uhttps://zaguan.unizar.es/record/171278/files/texto_completo.jpg?subformat=icon$$xicon$$yVersión publicada
000171278 909CO $$ooai:zaguan.unizar.es:171278$$particulos$$pdriver
000171278 951__ $$a2026-05-15-14:56:33
000171278 980__ $$aARTICLE